| 000 | 00707cab a2200205 4500 | ||
|---|---|---|---|
| 001 | WB3116-109 | ||
| 008 | 090401t1995 xxu||||| |||| 00| 0 eng d | ||
| 035 | _a(Sirsi) u11253 | ||
| 041 | _aeng | ||
| 245 | _aErdman Lewis given shot in the arm | ||
| 260 | _c1995 | ||
| 350 | _a0 | ||
| 490 |
_aDaily Telegraph _v25 April 1995, 27 |
||
| 490 |
_aProperty Week _v51(4) 27 April 1995, 13(2) |
||
| 520 | _aColliers Erdman Lewis has sealed its refinancing arrangement after discussions with potential investors and existing shareholders, which has raised new equity. | ||
| 650 | _aCOLLIERS ERDMAN LEWIS | ||
| 690 | _aMANAGEMENT-BUSINESS MANAGEMENT-PROFESSIONAL PRACTICE | ||
| 942 | _n0 | ||
| 948 | _c04/03/1997 | ||
| 999 |
_c7161 _d7161 |
||